Diárium elektrotechnika : vybrané technické údaje a tabuľky elektrických inštalácií nn /

Gespeichert in:
Bibliographische Detailangaben
Weitere Verfasser: Vodanský, František (ZusammenstellendeR)
Format: Buch
Sprache:Tschechisch
Veröffentlicht: Bratislava : Alfa, vydavateľstvo technickej a ekonomickej literatúry, 1981
Ausgabe:2. vyd.
Schriftenreihe:rz1
Schlagworte:
Online-Zugang: Volltext
Tags: Tag hinzufügen
Keine Tags, Fügen Sie den ersten Tag hinzu!

MARC

LEADER 00000cam a2200000 4500
003 SK-BrCVT
005 20220621173550.0
008 091104s1981 cs e ||||||cze d
020 |q (brož.) 
035 |a CVTIDWR036515 
040 |b slo  |c    |d   
041 0 |a cze 
044 |a cs 
072 0 |a 621.3  |2 CVTI SR 
080 |a 621.3  |2 2011 
245 0 0 |a Diárium elektrotechnika :  |b vybrané technické údaje a tabuľky elektrických inštalácií nn /  |c zost.: František Vodanský 
250 |a 2. vyd. 
260 3 |a Bratislava :  |b Alfa, vydavateľstvo technickej a ekonomickej literatúry,  |c 1981 
300 |a 171 s. 
653 1 |a elektronika 
700 0 |a Vodanský, František  |4 com 
830 0 |a rz1 
910 |b A630371 
959 |a 25 
974 |f Knihy 
999 |c 211274  |d 211274